000 00527nam a22001697a 4500
003 OSt
005 20220929233001.0
008 220929b |||||||| |||| 00| 0 eng d
020 _a1-57731-524-3
040 _cBiblioteca Lado V
082 _a708
_bG619i
100 _938
_aGoldman, Paula
_eeditora
245 _aImgining our Selves/
_bGlobal voices from a new generation of women/
260 _aAustria
_bInternational Museum of Women
_c2006
300 _a239p.
_c21x25cm
942 _2ddc
_c1
_h708
_iG619i
_n0
999 _c2148
_d2148